Основы теории нечетких и гибридных систем: учебное пособие

Dettagli Bibliografici
Autore principale: Ярушкина Н. Г. Надежда Глебовна
Riassunto:Рассматриваются методы анализа и синтеза при проектировании прикладных интеллектуальных систем для экономических и технических областей применения. Даются основы теории нечетких систем, нейронных сетей и генетических алгоритмов. Особое внимание уделяется структурам гибридных сетей и алгоритмам обучения нечетких нейронных сетей. Лабораторные работы практикума посвящены применению инструментальной среды Matlab для углубленного изучения указанных сетей и систем.
Lingua:russo
Pubblicazione: Москва, Финансы и статистика, 2009
Soggetti:
Natura: MixedMaterials Libro
KOHA link:https://koha.lib.tpu.ru/cgi-bin/koha/opac-detail.pl?biblionumber=169190

MARC

LEADER 00000n m0a2200000 4500
001 169190
005 20231101222816.0
010 |a 9785279027767 
035 |a (RuTPU)RU\TPU\book\183529 
090 |a 169190 
100 |a 20091109d2009 m y0rusy50 ca 
101 0 |a rus 
102 |a RU 
105 |a a j 001zy 
200 1 |a Основы теории нечетких и гибридных систем  |e учебное пособие  |f Н. Г. Ярушкина 
210 |a Москва  |c Финансы и статистика  |d 2009 
215 |a 320 с.  |c ил. 
320 |a Библиогр.: с. 307-312. 
320 |a Список сокращений: с. 313-314. 
330 |a Рассматриваются методы анализа и синтеза при проектировании прикладных интеллектуальных систем для экономических и технических областей применения. Даются основы теории нечетких систем, нейронных сетей и генетических алгоритмов. Особое внимание уделяется структурам гибридных сетей и алгоритмам обучения нечетких нейронных сетей. Лабораторные работы практикума посвящены применению инструментальной среды Matlab для углубленного изучения указанных сетей и систем. 
606 1 |a Нечеткое моделирование  |2 stltpush  |3 (RuTPU)RU\TPU\subj\68852  |9 83960 
610 1 |a мягкие вычисления 
610 1 |a экспертная деятельность 
610 1 |a нечеткие множества 
610 1 |a нечеткие системы 
610 1 |a нейронные сети 
610 1 |a экономика 
610 1 |a эволюционные вычисления 
610 1 |a генетические вычисления 
610 1 |a генетические алгоритмы 
610 1 |a гибридные системы 
610 1 |a лабораторные работы 
610 1 |a практикумы 
610 1 |a учебные пособия 
610 1 |a прикладная информатика 
610 1 |a интеллектуальные информационные системы 
675 |a 519.876(075.8)  |v 3 
700 1 |a Ярушкина  |b Н. Г.  |g Надежда Глебовна 
801 1 |a RU  |b 63413507  |c 20091109 
801 2 |a RU  |b 63413507  |c 20120608  |g RCR 
900 |a Теория нечетких систем 
900 |a Теория обучения иностранным языкам 
900 |a Интеллектуальные информационные системы 
942 |c BK 
951 |b 080801 
959 |a 113/20091103  |d 1  |e 140,00  |f ЧЗТЛ:1